| 000 | 01716nam a22004097a 4500 | ||
|---|---|---|---|
| 003 | CHAP | ||
| 005 | 20220329143714.0 | ||
| 008 | 110314s2011 mx r 00010 spa d | ||
| 010 | _a100640 | ||
| 011 | _a101612 | ||
| 035 | _a112300 | ||
| 040 | _cCHAP | ||
| 090 | _aTesis | ||
| 100 | 1 |
_aMorales Sánchez, Edgar de Jesús. _978419 |
|
| 245 | 1 | 0 |
_aAlternativas de bajo impacto ambiental para reducir la severidad de (Sphaerotheca pannosa var. rosae (Wall) en rosa spp.) en Villa Guerrero, Estado de México _h[En línea] _c/por Edgar de Jesús Morales Sánchez |
| 260 |
_aChapingo, Méx. : _bEl autor, _c2011 |
||
| 500 | _aPara ver el contenido del material haga clic en la liga | ||
| 502 | _aTesis (Ing. Agr. Esp. en Parasitología Agrícola) -- UACH. Departamento de Parasitología Agrícola | ||
| 590 |
_aALEPH _b10 _c20130110 _lUCH01 _h1539 |
||
| 590 |
_aBATCH-UPD _b10 _c20130110 _lUCH01 _h1647 |
||
| 590 |
_aBATCH-UPD _b10 _c20130410 _lUCH01 _h1036 |
||
| 590 |
_aBATCH-UPD _b10 _c20130914 _lUCH01 _h0930 |
||
| 590 |
_aBATCH-UPD _b10 _c20140324 _lUCH01 _h1523 |
||
| 590 |
_aBATCH-UPD _b10 _c20141002 _lUCH01 _h0848 |
||
| 590 |
_aCONVERSION _b10 _c20130109 _lUCH01 _h1355 |
||
| 650 | 1 | 4 |
_aCiclo biológico. _923050 |
| 650 | 1 | 4 |
_aFloricultura _zMéxico (Edo.). _941853 |
| 650 | 1 | 4 |
_aImpacto ambiental. _957465 |
| 650 | 1 | 4 |
_aPlantas _xEnfermedades. _988828 |
| 650 | 1 | 4 |
_aRosas _xEnfermedades. _999967 |
| 650 | 1 | 4 |
_aSphaerotheca pannosa. _9109209 |
| 856 |
_3Finding aid _uhttp://10.13.5.2/tesis/112300.pdf _zTeclea aqui |
||
| 901 | _aBK | ||
| 942 | _cFOLL | ||
| 949 |
_aTesis _bBC _cTES _d33724002238777 _eTS1 _gDonaciØn _h52063 _i112300 _st |
||
| 949 |
_aTesis _bBC _cTES _d33724002238819 _eTS2 _fc.2 _gDonaciØn _h52064 _i112300 _st |
||
| 999 |
_c100640 _d100640 |
||